Las ciencias : el mundo inorgánico

Uloženo v:
Podrobná bibliografie
Hlavní autor: Ford-Altaba, M.
Další autoři: Mantoriol-Pous, J., Febrer-Canals, M. A.
Médium: Kniha
Jazyk:španělština
Vydáno: Barcelona. Javer. c1969.
Témata:
Tagy: Přidat tag
Žádné tagy, Buďte první, kdo vytvoří štítek k tomuto záznamu!

MARC

LEADER 00000nam a22000005a 4500
001 18641
003 CL-ChBUA
005 20120815103705.0
008 070301s1969 sp 000 0 spa
040 |a CL-ChBUA  |c CL-ChBUA 
082 0 0 |a 500 
090 |c 18641  |d 18641 
100 1 |a Ford-Altaba, M. 
245 1 0 |a Las ciencias :  |b el mundo inorgánico 
260 |b Javer.  |a Barcelona.  |c c1969. 
300 |a 203 p.: il.  |b 203 p.: il.  |c 29 cm. 
504 |a Indice. 
650 4 |a CIENCIAS NATURALES. 
700 1 |a Mantoriol-Pous, J. 
700 1 |a Febrer-Canals, M. A. 
942 |c LIB 
952 |0 0  |1 0  |4 0  |7 0  |9 25693  |a UNACH  |b UNACH  |c 500  |d 2007-03-05  |i 7.823.  |l 0  |o 500 / F 677.  |p 26692  |r 2022-11-24 00:00:00  |u 25693  |w 2012-08-08  |y LIB  |k 500 / F 677. 
999 |c 18641  |d 18641